00936cam a2200277 i 4500001000300000003000400003005001700007008003900024020001500063040000800078041000700086080000700093080001200100100004900112245011600161250001100277260004900288300002900337504003600366650003000402655001700432700004800449700002900497710003400526856009800560bgBPK20191002090811.0951010s1984 pl f f |000 0 pol a8301009918 cBPK0 apl a53 a(075.8)1 aHerman, Marian Augustynd(1936-2015).eAutor10aPodstawy fizyki dla kandydatów na wyższe uczelnie /cMarian Herman, Andrzej Kalestyński, Leszek Widomski. aWyd.4. aWarszawa :bPaństw. Wydaw. Naukowe,c1984. a569 s. :brys. ;c24 cm. aBibliogr. przy rozdz. - Indeks. 4aFizykaxszkoły wyższe. aPodręcznik1 aKalestyński, Andrzejd(1927-2016).eAutor1 aWidomski, Leszek.eAutor2 aWydawnictwo Naukowe PWN4pbl. uhttp://koha.tu.koszalin.pl/cgi-bin/koha/opac-detail.pl?biblionumber=39782yKatalog online BPK